000
00337nam a22001457a 4500
003
SGT
082
_a
617.7, C12G
100
_a
GARG, SUNIR J.
245
_a
COLOR ATLAS & SYNOPSIS OF CLINICAL OPHTHALMOLOGY UVEITIS
250
_a
2ND
260
_a
INDIA
_b
WOLTERS
_c
2012
300
_a
318
650
_a
OPHTHALMOLOGY
942
_2
ddc
_c
BK
999
_c
9078
_d
9078